|
|
|
|
| LEADER |
00000nam0a2200000 4500 |
| 001 |
151808 |
| 005 |
20231031150835.0 |
| 010 |
|
|
|a 5866280043
|
| 020 |
|
|
|a RU
|b 92-38014
|
| 035 |
|
|
|a (RuTPU)RU\TPU\book\164589
|
| 090 |
|
|
|a 151808
|
| 100 |
|
|
|a 20090127d1991 m y0rusy5003 ca
|
| 101 |
0 |
|
|a rus
|
| 102 |
|
|
|a RU
|
| 105 |
|
|
|a c z 000ay
|
| 200 |
1 |
|
|a И ад следовал за ним...
|e роман
|f Н. А. Фомичев
|
| 210 |
|
|
|a Москва
|c Товарищество советских писателей
|d 1991
|
| 215 |
|
|
|a 320 с.
|d 21 см
|c портр.
|
| 333 |
|
|
|a Исключено из фонда НТБ ТПУ
|
| 700 |
|
1 |
|a Фомичев
|b Н. А.
|g Николай Алексеевич
|4 070
|
| 801 |
|
0 |
|a RU
|b RuMRKP
|c 19950413
|g psbo
|
| 801 |
|
1 |
|a RU
|b 63413507
|c 20090127
|g PSBO
|
| 801 |
|
2 |
|a RU
|b 63413507
|c 20170517
|g PSBO
|
| 942 |
|
|
|c BK
|